000 02106nam a22003257a 4500
999 _c21836
_d21836
003 AR-CdUCM
008 190425b ||||| |||| 00| 0 spa d
040 _aMUNICIPALIDAD PROVINCIAL DEL CUSCO
_cBIBLIOTECA MUNICIPAL DEL CUSCO
082 _aRev.Andi/N°12/1988
110 _aCentro Bartolomé de Las Casas
_93293
245 _aRevista andina /
_cCentro de estudios rurales andinos Bartolomé de Las Casas Cusco
260 _aCusco :
_bCentro Bartolomé de Las Casas,
_c1988.
300 _a351-630 páginas. :
_c23 cm.
440 _aPublicación Semestral del Centro Bartolomé de Las Casas Cusco.
_nAño 6, Número 12, N°2, Segundo semestre 1988.
_946335
505 _aContenido: Estado moderno, iglesia y secularización en el Perú contemporáneo (1821-1919). Pilar García Jordán. -- Los liberales asediados la fracasada primera generación de librecambistas en el Perú, 1820-1850. Paul Gootenberg. -- La sociedad local al inicio de la República Cusco 1824-1850. María Isabel Remy. -- Las tierras de comunidad de Licto, Punín y Macaxí factores para su disminución e intentos de restauración. Christiana Borchart de Moreno. -- Una relación geográfica inédita de 1582 sobre Ecuador Oyumbicho y Amaguaña del valle de los Chillos. Chantal Caillavet. -- Rumi Maqui en la sierra central documentos inéditos de 1907. Carlos Contreras. -- Las oraciones en quechua de la relación de Joan de Santa Cruz Pachacuti Yamqui Salcamaygua. César Itier. -- Fuentes impresas regionales para la investigación histórica del extremo norte. Laura Hurtado Galván.
650 _aSociedad republicana
_946336
650 _aCronistas
_91200
650 _aFuentes históricas
_95903
650 _aTierras comunales
_946241
700 _aGarcía Jordán, Pilar
_946337
700 _aGootenberg, Paul
_910628
700 _aRemy, María Isabel
_94403
700 _aBorchart de Moreno, Christiana
_946338
700 _aCaillavet, Chantal
_946307
700 _aContreras, Carlos
_941350
700 _aItier, César
_946339
700 _aHurtado Galván, Laura
_96062
942 _2ddc
_cPP
945 _arac